An investigation into the export supply determinants of selected south Asian economies (Record no. 331458)

000 -LEADER
fixed length control field 00482nam a22001697a 4500
003 - CONTROL NUMBER IDENTIFIER
control field NUST
005 - DATE AND TIME OF LATEST TRANSACTION
control field 20220915151923.0
008 - FIXED-LENGTH DATA ELEMENTS--GENERAL INFORMATION
fixed length control field 170928b xxu||||| |||| 00| 0 eng d
040 ## - CATALOGING SOURCE
Transcribing agency NUST
082 ## - DEWEY DECIMAL CLASSIFICATION NUMBER
Classification number 330
100 ## - MAIN ENTRY--PERSONAL NAME
Personal name Sajjad,Aleena
9 (RLIN) 5093
245 ## - TITLE STATEMENT
Title An investigation into the export supply determinants of selected south Asian economies
260 ## - PUBLICATION, DISTRIBUTION, ETC.
Place of publication, distribution, etc. Islamabad
Date of publication, distribution, etc. 2014
300 ## - PHYSICAL DESCRIPTION
Extent 62p
856 ## - ELECTRONIC LOCATION AND ACCESS
Uniform Resource Identifier <a href="http://10.250.8.41:8080/xmlui/handle/123456789/30476">http://10.250.8.41:8080/xmlui/handle/123456789/30476</a>
942 ## - ADDED ENTRY ELEMENTS (KOHA)
Source of classification or shelving scheme
Koha item type Thesis
Holdings
Withdrawn status Lost status Source of classification or shelving scheme Damaged status Not for loan Permanent Location Current Location Shelving location Date acquired Full call number Barcode Date last seen Price effective from Koha item type
          Central Library (CL) Central Library (CL) Thesis 02/13/2020 330 CL-T-5094 02/13/2020 02/13/2020 Thesis
© 2023 Central Library, National University of Sciences and Technology. All Rights Reserved.